000 00424nam a22001697a 4500
005 20230110122640.0
008 221220b |||||||| |||| 00| 0 eng d
020 _a978-0-85369-716-9
041 _aeng
082 _a613.7 WAT-C
100 _aWATER FIELD ,JON
_97420
245 _aCOMMUNITY PHARMACY HANDBOOK
260 _bPHARMACEUTICAL PRESS
300 _a287;P.
650 _aPHARMACY
_xD.PHARMA
_97090
942 _cBK
999 _c8156
_d8154